Appiani Historia romana
Αποθηκεύτηκε σε:
| Κύριος συγγραφέας: | |
|---|---|
| Άλλοι συγγραφείς: | |
| Μορφή: | Βιβλίο |
| Γλώσσα: | Ancient Greek Latin |
| Δημοσίευση: |
Lipsiae :
In Aedibus B. G. Teubner,
1881.
|
| Θέματα: | |
| Ετικέτες: |
Προσθήκη ετικέτας
Δεν υπάρχουν, Καταχωρήστε ετικέτα πρώτοι!
|
MARC
| LEADER | 00000cam a2200000 i 4500 | ||
|---|---|---|---|
| 001 | 1/67848 | ||
| 008 | 150225s1881 gw | ||| |||| ||grc|| | ||
| 035 | |l 10121243 | ||
| 040 | |a GR-MyUA |b gre |e AACR2 | ||
| 041 | 1 | |a grc |h lat | |
| 082 | 0 | |a 937.06 |2 (23) | |
| 100 | 0 | |a Αππιανός Αλεξανδρεύς, |d 2ος αι μ.Χ. | |
| 245 | 1 | 0 | |a Appiani Historia romana / |c edidit Ludovicus Mendelssohn. |
| 260 | |a Lipsiae : |b In Aedibus B. G. Teubner, |c 1881. | ||
| 300 | |a v, 1227 σ. ; |c 19 εκ. | ||
| 500 | |a Στο verso ετικέτα "Τη Πορφυριάδι Σχολή, Μαρουδιώ Κ. Νικολάου". Στο recto σφραγίδα "Πορφυριάς Αστική Σχολή Καρλοβασίων" με αρ. 919. | ||
| 651 | 0 | |a Rome |x History |y Empire, 30 B.C.-284 A.D. | |
| 651 | 0 | |a Rome |x History |y Empire, 30 B.C.-476 A.D. |x Sources. | |
| 700 | 1 | |a Mendelssohn, Ludwig, |d 1852-1896, |e edt | |
| 852 | |a INST |b SAMOS |c PORFYRIADA |e 20150225 |h 937.06 ΑΠΠ |p 005300041815 |q 005300041815 |t NOLOAN |y 23 | ||
| 901 | |a BIBL3-2015-1 | ||
| 909 | |a Σ |b 191874 | ||
| 970 | |a ΣΙΤΖΙΜΗ |b ΓΙΑΣΕΜΗ |z 2015/02/25 | ||